000
00288 a2200145 4500
001
58141
020
_a
040
_c
Anchieta - Pituba
240
1
0
_a
Cadernos negros
_l
por
245
1
0
_a
Cadernos negros
300
_a
141
362
0
_a
1998
650
4
_a
Poesia brasileira
942
_c
BK
999
_c
58141
_d
58141